Ethics in the public service current issues and practice

Saved in:
Bibliographic Details
Format: Book
Language:English
Published: Paris OECD 1996
Series:Public management. Occasional papers No. 14
Subjects:
Tags: Add Tag
No Tags, Be the first to tag this record!

MARC

LEADER 00000nam a2200000 4500
001 c114059
005 20221221084258.5
020 |a 92-64-15367-5 
041 0 |a eng 
044 |a FR 
245 1 0 |a Ethics in the public service  |b current issues and practice 
264 1 |a Paris  |b OECD  |c 1996 
300 |a 66 s. 
490 1 |a Public management. Occasional papers  |v No. 14 
830 0 |a Public management. Occasional papers  |v No. 14 
610 2 0 |a etika 
610 2 0 |a etika podnikateľská 
610 2 0 |a služby verejné 
610 2 0 |a manažment 
610 2 0 |a riadenie 
610 2 0 |a OECD